Statistics for Name the 7 dwarfs

Click here to take the quiz!

General Stats

  • This quiz has been taken 24 times
  • The average score is 5 of 7

Answer Stats

Answer% Correct
Happy
90%
Sleepy
90%
Doc
85%
Dopey
75%
Grumpy
75%
Bashful
65%
Sneezy
50%

Score Distribution

Percentile by Number Answered

Percent of People with Each Score

Your Score History

You have not taken this quiz